|
|
|
|
| LEADER |
01151nam a2200337 4500 |
| 001 |
DLU120132608 |
| 005 |
##20120307 |
| 040 |
# |
# |
|a DLU
|b vie
|
| 041 |
# |
# |
|a vie
|
| 044 |
# |
# |
|a vn
|
| 082 |
# |
# |
|a 596
|b LE-K
|
| 100 |
# |
# |
|a Lê Vũ Khôi.
|
| 245 |
# |
# |
|a Giáo trình sinh thái học động vật có xương sống ở cạn /
|c Lê Vũ Khôi, Hoàng Trung Thành.
|
| 260 |
# |
# |
|a H. :
|b Giáo dục Việt Nam,
|c 2011.
|
| 300 |
# |
# |
|a 311 tr. :
|b minh hoạ ;
|c 24 cm.
|
| 504 |
# |
# |
|a Tài liệu tham khảo: tr. 309-311.
|
| 505 |
# |
# |
|a Chương 1. Sinh thái học môi trường trên cạn -- Chương 2. Sinh thái học lưỡng cư -- Chương 3. Sinh thái học bò sát -- Chương 4. Sinh thái học chim -- Chương 5. Sinh thái học thú.
|
| 650 |
# |
# |
|a Động vật có xương sống
|v Giáo trình.
|
| 650 |
# |
# |
|a Sinh thái học động vật
|v Giáo trình.
|
| 700 |
# |
# |
|a Hoàng Trung Thành.
|
| 923 |
# |
# |
|a 01/2012
|
| 991 |
# |
# |
|a GT
|
| 992 |
# |
# |
|a 50000
|
| 994 |
# |
# |
|a DLU
|
| 900 |
# |
# |
|a True
|
| 911 |
# |
# |
|a Nguyễn Thanh Hương
|
| 925 |
# |
# |
|a G
|
| 926 |
# |
# |
|a A
|
| 927 |
# |
# |
|a SH
|
| 980 |
# |
# |
|a Thư viện Trường Đại học Đà Lạt
|